000 00295nam a22001337a 4500
008 170216b xxu||||| |||| 00| 0 eng d
020 _a9781567931884
041 _aeng
080 _25ED
_a61
100 _a4
101 _aSHM
245 _aTHE HEALTHER ORGANIZATION
_cGRIFFITH
942 _2udc
_cBK
999 _c5666
_d5666